Регионална библиотека "Любен Каравелов" - Русе

Пара Беллум и за другите германски пистолети (Запис номер 23326)

MARC детайли
000 -Лидер
Контролно поле с фиксирана дължина 01262nam a2200301 c 4500
003 - Код на организацията, давaща контролен номер
Контролно поле BLK
005 - Дата и час на последна редакция
Контролно поле 20210316114810.0
008 - Елементи от данни с фиксирана дължина
fixed length control field 180413b bul|||||r ||||||| ||bul||
010 ## - Наследен системен номер
LC control number KNG00025802000
040 ## - Източник на каталожния запис
Идентификатор на билиотеката - собственик на записа BLK
041 ## - Код за език
Код за езика на текст/звукозапис или на отделно заглавие Български
Код за езика КДБФ Български
080 ## - УДК
Текстов определител УДК Оръжие. Въоръжение. Артилерийско-техн. въоръжение. БТР. Стрелково оръжие. Боеприпаси и БОВ. Управляеми и неупр. ракети
УДК код - определител по УДК 623.4
УДК определител (035)
УДК - код + определител 623.4(035)
100 1# - Редна дума - Автор
Автор Маринов, Георги
Авторска отговорност първи автор
Автор - информация (биография) Георгиев, Георги Маринов
R(LIN) 363694
139 ## - Редно поле
Редна дума Маринов, Георги и др.
Авторски знак Мари - М 31
245 10 - Сведения за заглавието
Заглавие Пара Беллум и за другите германски пистолети
Редно поле (дума) Георги Маринов; съавт. Андрей Иванов.
257 ## - Страна на издаване
Страна на създаване/издаване България
260 ## - Област на издателските данни
-- София
Име на издателя, разпространителя и проч. Graphic
Година на издаване 1998
300 ## - Физическа характеристика
Страници 168 с.
Илюстрации и др. с ил.
Размери/Мащаб 20 см
380 ## - Жанр
Жанр Техника
500 ## - Общи забележки
Забележка Деп. списък: покупка.
653 ## - Ключова дума – ненормативна
Ключова дума пистолети
700 1# - Други автори (авторска отговорност)
Лично име Иванов, Андрей
Автороска отговорност (Описва отношението между автора и произведението) съавт.
9 (RLIN) 365841
852 ## - Местоположение
Форматна сигнатура Цб 199537
856 4# - Електронен адрес и достъп
Електронен формат pdf - файл
Път до файла /url/
856 4# - Електронен адрес и достъп
Електронен формат pdf - файл
Път до файла /url/
942 ## - АРТИКУЛИ
Вид на библиотечния материал Книги
Скрит в OPAC Не
Koha issues (borrowed), all copies 1
944 ## - СЪЗДАВАНЕ И РЕДАКЦИЯ на ЗАПИСА
Създаване/Редакция Създаване
Дата на регистрацията/редакция 15.01.2003
Служител, извършил регистрацията/редакцията Кети_Илиева
944 ## - СЪЗДАВАНЕ И РЕДАКЦИЯ на ЗАПИСА
Създаване/Редакция Редакция
Дата на регистрацията/редакция 22.02.2013
Служител, извършил регистрацията/редакцията
999 ## - СИСТЕМНИ КОНТРОЛНИ НОМЕРА
Koha biblionumber 23326
Koha biblioitemnumber 23326
Наличности
Код за отписване Код за изгубен артикул Източник на класификационната схема Код за повреда Коз за рестрикции Код за отдаване Артикулен № Име на библиотеката - собственик Име на библиотеката, в която се намира в момента Статус (Текущо местоположение) Дата на вписване в системата Местоположение - отдел Цена в лева Инвентарен номер Систематично азбучна сигнатура Баркод Номер на екземпляра Цена в евро Служебна бележка Служебен тип на артикула
  Не е изгубен Universal Decimal Classification Не е повреден без рестрикции ползва се в читалня 38502 Регионална библиотека "Любен Каравелов" Русе Регионална библиотека "Любен Каравелов" Русе Читалня 2001-01-01 Читалня 5.00 645877 Ч 623/М 31 120000645877 1 2.56 Дата инв: 24.03.2017 Бележки инв: Ч2017 Книги
Vip Innovations Ltd, Rousse, Bulgaria 2025